| 000 | 00447cam a2200181ua 4500 | ||
|---|---|---|---|
| 001 | 1607 | ||
| 008 | 110713n xxk |||gr||||Z||||||eng | ||
| 040 | _cMAIN | ||
| 082 | _a336 | ||
| 100 | 1 |
_aDalton, Hugh, _eAuthor. |
|
| 245 | 1 |
_aPrinciples of public finance _cby Hugh Dalton |
|
| 250 | _a4th. | ||
| 260 |
_aLondon: _bRoutledge & kegan paul ltd,961. |
||
| 300 | _axvi; 255p:9cm. | ||
| 653 | _aEconomics | ||
| 653 | _aPublic finance | ||
| 942 | _cBK | ||
| 999 |
_c1494 _d1494 |
||